| 000 | 00679nam a22001937a 4500 | ||
|---|---|---|---|
| 999 |
_c167664 _d167664 |
||
| 005 | 20190916153957.0 | ||
| 010 | _aB-125542 | ||
| 020 |
_a8180542718 _c125.00 |
||
| 035 | _aB-125542 | ||
| 037 | _bSultan Chand & Sons | ||
| 082 | _a657.834 | ||
| 245 |
_aIntroduction to engineering economics and financial accounting/ _cK Seenivasagam and R. Sivarethina Mohan _hEnglish |
||
| 260 |
_aNew Delhi _bSultan Chand & Sons _c2005 |
||
| 270 |
_a23, Daryagan _bNew Delhi _e110002 |
||
| 300 |
_a312p. _bill. _c24cm |
||
| 700 | _aMohan, R. Sivarethina | ||
| 942 |
_2ddc _cEN _h657.834 _mSEE |
||